000 00623nam a22001697a 4500
003 OSt
005 20260324110303.0
008 260324b |||||||| |||| 00| 0 eng d
040 _cMRSPTU
041 _aEnglish
100 _aPiyush Vatsha, Supervisor: Dr. Rahul Deshmukh
245 _a To Understand Efficacy and Safety of Remdesivir and Favipiravir in Covid-19 Patients Through A-Systematic Review and Meta-Analysis
260 _bDepartment of Pharmacy, MRSPTU, Bathinda
_c2022
650 _aPharmaceutical Sciences and Technology
856 _uhttp://163.47.215.52:8080/jspui/handle/123456789/51
942 _2ddc
_cTH
_n0
999 _c11233
_d11233